La historia demográfica: su penetración en Latinoamérica y en América Central /
में बचाया:
| मुख्य लेखक: | |
|---|---|
| स्वरूप: | मूलपाठ |
| भाषा: | Spanish |
| विषय: | |
| टैग: |
टैग जोड़ें
कोई टैग नहीं, इस रिकॉर्ड को टैग करने वाले पहले व्यक्ति बनें!
|
MARC
| LEADER | 00000 a a2200000 04500 | ||
|---|---|---|---|
| 001 | 42784 | ||
| 003 | cru CRAI/IIS | ||
| 005 | 20210707114252.0 | ||
| 008 | 210428b ||||| |||| 00| 0 spa d | ||
| 040 | |c cru CRAI/IIS | ||
| 100 | 1 | |a Cardoso Santana, Ciro Flamarion |9 9949 | |
| 245 | 1 | 3 | |a La historia demográfica: |b su penetración en Latinoamérica y en América Central / |c Ciro Flamarión S Cardoso |
| 500 | |a Colección Centroamérica | ||
| 650 | |a ANALISIS DEMOGRAFICO | ||
| 650 | |a LATINOAMERICA | ||
| 773 | |g volumen3, número9 ( , 1974), páginas 73-114 | ||
| 773 | 0 | |0 18875 |9 5496 |a Universidad de Costa Rica. |d San José, Costa Rica: Universidad de Costa Rica. Consejo Superior Universitario Centroamericano, 1972- |o 13826 |t Estudios Sociales Centroamericanos / |x 03039676 | |
| 942 | |2 ddc |c PP | ||
| 999 | |c 37317 |d 37317 | ||
